000
00332nam a2200145Ia 4500
100
_a
Roberts/ Simon/ Heller/ Philips
942
_c
BK
654
_a
Computer
245
_a
Java 2 Certification Study Guide
260
_b
BPB Pub
_a
Mumbai
_c
1999
082
_a
005.133'J'
_b
ROB/
300
_a
885
546
_a
ENGLISH
999
_c
34954
_d
34954